| 000 | 00751nam a2200229 i 4500 | ||
|---|---|---|---|
| 001 | 107983 | ||
| 003 | ES-MaACL | ||
| 005 | 20250829080509.0 | ||
| 007 | t| | ||
| 008 | 070108s1970 sp ||||1| spa d | ||
| 080 | _a244 | ||
| 245 | 0 | 4 |
_aLas florecillas de San Francisco / _cversión castellana y prólogo de Federico Muelas. |
| 260 |
_aMadrid : _bSalvat, _c1970. |
||
| 300 |
_a176 p. ; _c19 cm. |
||
| 490 | 1 |
_aBiblioteca básica Salvat de Libros RTV ; _v39 |
|
| 600 | 1 | 4 |
_aFrancisco de Asís _cSanto. _952189 |
| 650 | 2 | 4 |
_aFranciscanos. _9185468 |
| 700 | 1 |
_aMuelas, Federico, _d1909-1974 _984034 |
|
| 830 | 0 | 0 |
_aBiblioteca básica Salvat de libros RTV _v39 _9185398 |
| 852 |
_aES-MaACL _jE-2960 _bR.69765 |
||
| 999 |
_c107983 _d107983 |
||